000 00710nam a2200289Ia 4500
005 20260324132740.0
008 008 260324s9999 xx 000 0 eng d
020 _a9781315256047
037 _aEBOOK
040 _aCRL
040 _beng
040 _cCRL
041 _2eng
041 _aeng
084 _qCRL
100 _aDunja Rihtman-Augustin; Jasna Capo Zmegac
_91190480
245 0 _aEthnology, Myth and Politics
245 0 _bAnthropologizing Croatian Ethnology
260 _bTaylor and Francis
260 _c2004
365 _a
365 _b230
856 _uhttp://www.taylorfrancis.com/books/9781315256047
942 _cEBOOK
999 _c1788842
_d1788842